书目信息 |
| 题名: |
地质力学教程
|
|
| 作者: | ;北京大学地质系地质力学专业 编 | |
| 分册: | ||
| 出版信息: | 北京 地质出版社 1978 |
|
| 页数: | 320页 | |
| 开本: | 26cm | |
| 丛书名: | ||
| 单 册: | ||
| 中图分类: | P55-43 | |
| 科图分类: | ||
| 主题词: | 地质力学--高等学校--教材 | |
| 电子资源: | ||
| ISBN: | ||
| 000 | 00682nam0 2200229 45 | |
| 001 | 0178005580 | |
| 005 | 20060819092102.26 | |
| 010 | @d¥2.40 | |
| 091 | @aCN@b15038.新288 | |
| 100 | @a19950726d1978 em y0chiy0121 ea | |
| 101 | 0 | @achi |
| 102 | @aCN@b110000 | |
| 105 | @ay z 000yy | |
| 200 | 10 | @a地质力学教程@Adi zhi li xue jiao cheng@f北京大学地质系地质力学专业编 |
| 210 | @a北京@c地质出版社@d1978 | |
| 215 | @a320页@d26cm | |
| 300 | @a高等学校试用教材 | |
| 606 | @a地质力学@x高等学校@x教材 | |
| 690 | @aP55-43@v3 | |
| 711 | 02 | @a北京大学地质系地质力学专业@Abei jing da xue di zhi xi di zhi li xue zhuan ye@4编 |
| 801 | 0 | @aCN@bTSSF@c20060819 |
| 905 | @a10447@dP55-43@e91 | |
| 地质力学教程/北京大学地质系地质力学专业编.-北京:地质出版社,1978 |
| 320页;26cm |
| 高等学校试用教材 |
| ISBN :¥2.40 |
| ● |
| 相关链接 |
|
|
|
|
正题名:地质力学教程
索取号:P55-43/91
 
预约/预借
| 序号 | 登录号 | 条形码 | 馆藏地/架位号 | 状态 | 备注 |
| 1 | 0458943 | 204589436 | 密集书库/ [索取号:P55-43/91] | 在馆 |